000
00278nam a22001337a 4500
003
SGT
020
_a
3764334002
082
_a
410
_b
S89K
100
_a
KIMURA, DEREEN
245
_a
SPEECH AND LANGUAGE
260
_a
BOSTON
_b
BIRKHAUSER
_c
1989
300
_a
75
942
_2
ddc
_c
BK
999
_c
17885
_d
17885